Objednávkový a platobný systém

Salvato in:
Dettagli Bibliografici
Autore principale: Franczel, Michal (Autore)
Altri autori: Kunštár, Vladimír (Relatore della tesi)
Natura: Manoscritto Libro
Lingua:slovacco
Pubblicazione: 2021
Soggetti:
Accesso online:http://is.stuba.sk/zp/portal_zp.pl?podrobnosti=148348
Tags: Aggiungi Tag
Nessun Tag, puoi essere il primo ad aggiungerne!!

MARC

LEADER 00000ntm a22000003a 4500
001 stuzp85417
003 SK-STU
005 20210626212044.4
007 ta
008 150427s2015----xo-----f-mn---000-0-slo-d
040 |a STU  |b slo 
041 0 |a slo 
100 1 |a Franczel, Michal  |u 070400  |4 aut  |U FIIT Fakulta informatiky a informačných technológií  |T FIIT Ústav počítačového inžinierstva a aplikovanej informatiky  |X 96846  |U I400  |Y 672  |7 96846 
242 0 1 |a Ordering and payment system  |y eng 
245 1 0 |a Objednávkový a platobný systém 
260 |c 2021 
650 4 |a EMV  |2 slo 
650 4 |a Android  |2 slo 
650 4 |a Platobné systémy  |2 slo 
650 4 |a EMV  |2 eng 
650 4 |a Android  |2 eng 
650 4 |a Payment systems  |2 eng 
700 1 |a Kunštár, Vladimír  |u 070400  |k Z3  |4 ths  |U FIIT Fakulta informatiky a informačných technológií  |T FIIT Ústav počítačového inžinierstva a aplikovanej informatiky  |X 64527  |U I400  |Y 672  |7 A000064527 
856 4 |u http://is.stuba.sk/zp/portal_zp.pl?podrobnosti=148348